00690 2200265 4500001002100000005001700021008004100038035002400079082001100103090001800114100001900132245006500151250001100216260002800227300003100255500002500286650002100311850001500332980001300347985000600360986001300366999001500379999001500394999001500409YOGYA-0209000001042420090227022035.0 ind  0010-020900000010424 a309.24 a309.24bPra P aPRASAJA, Buddy aPembangunan desa dan masalah kepemimpinannyacBuddy Prasadja aCet. 1 aJakartabRajawalic1980 aviii, 145 hlmbilusc21 cm aTermasuk bibliografi aPembangunan desa aYOPDYOG(B) a13-07-05 a3 aerrthrev aP000014708 aP000014709 aP000014710